00362nam a2200121Ia 4500008004100000100002500041245011600066260001200182260001100194260000900205300000700214650001900221160109s9999 xx 000 0 und d10aAmarasinghe A.M.J.S. aComparison of the Volatile Constituents of the Essential Oils and Absolutes of Manel Species Found in Sri Lanka aColombo bIchemc c2014 a41 aEssential Oils